<?xml version="1.0" encoding="UTF-8"?>
<record
    xmlns:xsi="http://www.w3.org/2001/XMLSchema-instance"
    xsi:schemaLocation="http://www.loc.gov/MARC21/slim http://www.loc.gov/standards/marcxml/schema/MARC21slim.xsd"
    xmlns="http://www.loc.gov/MARC21/slim">

  <leader>00786nam a22002297a 4500</leader>
  <controlfield tag="005">20170123162329.0</controlfield>
  <datafield tag="010" ind1=" " ind2=" ">
    <subfield code="a">A-842709</subfield>
  </datafield>
  <datafield tag="020" ind1=" " ind2=" ">
    <subfield code="c">60.00</subfield>
  </datafield>
  <datafield tag="035" ind1=" " ind2=" ">
    <subfield code="a">A-842709</subfield>
  </datafield>
  <datafield tag="037" ind1=" " ind2=" ">
    <subfield code="b">Cen Lib/Ret</subfield>
  </datafield>
  <datafield tag="040" ind1=" " ind2=" ">
    <subfield code="a">DPL</subfield>
    <subfield code="b">UR</subfield>
  </datafield>
  <datafield tag="082" ind1=" " ind2=" ">
    <subfield code="a">&#x6A9;</subfield>
    <subfield code="b">&#x639; &#x62B; &#x645; </subfield>
  </datafield>
  <datafield tag="245" ind1=" " ind2=" ">
    <subfield code="a">&#x635;&#x648;&#x631;&#x62A; &#x62D;&#x627;&#x644; :</subfield>
    <subfield code="c">&#x62A;&#x631;&#x62C;&#x645;&#x6C1; &#x648; &#x62A;&#x631;&#x62A;&#x6CC;&#x628;  &#x645;&#x64F;&#x639;&#x6CC;&#x646; &#x627;&#x644;&#x62F;&#x651;&#x6CC;&#x646; &#x639;&#x62B;&#x645;&#x627;&#x646;&#x6CC;</subfield>
    <subfield code="b">&#x645;&#x631;&#x627;&#x679;&#x6BE;&#x6CC; &#x6A9;&#x6C1;&#x627;&#x646;&#x6CC;&#x627;&#x6BA;  /</subfield>
  </datafield>
  <datafield tag="246" ind1=" " ind2=" ">
    <subfield code="a">Soorat-e-haal : marathi kahaniyan /</subfield>
    <subfield code="b">traslated and compiled by Muyunuddin Usmani </subfield>
  </datafield>
  <datafield tag="300" ind1=" " ind2=" ">
    <subfield code="a">124p.</subfield>
    <subfield code="c">21cm(Hb)</subfield>
  </datafield>
  <datafield tag="650" ind1=" " ind2=" ">
    <subfield code="a">&#x627;&#x62F;&#x628; -- &#x645;&#x631;&#x627;&#x679;&#x6BE;&#x6CC; </subfield>
    <subfield code="9">120412</subfield>
  </datafield>
  <datafield tag="650" ind1=" " ind2=" ">
    <subfield code="a">&#x627;&#x631;&#x62F;&#x648;  &#x645;&#x631;&#x627;&#x679;&#x6BE;&#x6CC; </subfield>
    <subfield code="9">120413</subfield>
  </datafield>
  <datafield tag="650" ind1=" " ind2=" ">
    <subfield code="a">Marathi literature </subfield>
    <subfield code="9">30394</subfield>
  </datafield>
  <datafield tag="650" ind1=" " ind2=" ">
    <subfield code="a">Marathi stories </subfield>
    <subfield code="9">120414</subfield>
  </datafield>
  <datafield tag="700" ind1=" " ind2=" ">
    <subfield code="a">&#x639;&#x62B;&#x645;&#x627;&#x646;&#x6CC;&#x60C; &#x645;&#x64F;&#x639;&#x6CC;&#x646; &#x627;&#x644;&#x62F;&#x651;&#x6CC;&#x646;</subfield>
    <subfield code="9">120415</subfield>
  </datafield>
  <datafield tag="942" ind1=" " ind2=" ">
    <subfield code="2">ddc</subfield>
    <subfield code="c">UR</subfield>
    <subfield code="h">&#x6A9;</subfield>
    <subfield code="m">&#x639; &#x62B; &#x645; </subfield>
  </datafield>
  <datafield tag="999" ind1=" " ind2=" ">
    <subfield code="c">107621</subfield>
    <subfield code="d">107621</subfield>
  </datafield>
  <datafield tag="952" ind1=" " ind2=" ">
    <subfield code="0">0</subfield>
    <subfield code="1">0</subfield>
    <subfield code="4">0</subfield>
    <subfield code="7">0</subfield>
    <subfield code="a">L</subfield>
    <subfield code="b">L</subfield>
    <subfield code="d">2016-01-09</subfield>
    <subfield code="e">Cen Lib/Ret</subfield>
    <subfield code="g">60.00</subfield>
    <subfield code="l">0</subfield>
    <subfield code="o">&#x6A9; &#x639; &#x62B; &#x645;</subfield>
    <subfield code="p">A-842709</subfield>
    <subfield code="r">2016-01-09 00:00:00</subfield>
    <subfield code="t">1</subfield>
    <subfield code="v">60.00</subfield>
    <subfield code="w">2016-01-09</subfield>
    <subfield code="y">UR</subfield>
  </datafield>
</record>
